00327pab a2200133 454500008004000000100001400040245005300054260000900107300001200116362001100128650002800139650001100167773001500178180718b1997 xxu||||| |||| 00| 0 eng d aPal, R.M. aPunjab police and the recent demand for immunity c1997 ap.22-23 a20 Sep aPolice - India - Punjab aPolice aMainstream